| 000 | 00918nam a22002531u 4500 | ||
|---|---|---|---|
| 001 | 12510 | ||
| 003 | HDC | ||
| 007 | cr bn --- | ||
| 008 | 210209p2004 my eng | ||
| 040 | _aHDC | ||
| 100 |
_aLeong, Chee Onn, _eauthor _913131 |
||
| 245 | 0 |
_aComparative performance of two sweetcorn varieties - Mas Madu and Taiwan Supersweet / _cby Leong Chee Onn |
|
| 260 |
_aSerdang : _bMalaysian Agricultural Research and Development Institute (MARDI), _c2004 |
||
| 300 | _a1 page | ||
| 336 |
_atext _2rdacontent |
||
| 337 |
_acomputer _2rdamedia |
||
| 338 |
_aonline resource _2rdacarrier |
||
| 650 |
_aSweetcorn varieties _913132 |
||
| 650 |
_aTaiwan Supersweet _913133 |
||
| 856 | _zRequest full-text at [email protected] | ||
| 942 | _2lcc | ||
| 942 | _cAR | ||
| 942 | _kJART 003107 | ||
| 999 |
_c9833 _d9833 |
||